000 00570nam a2200217Ia 4500
003 OSt
005 20220928144600.0
006 a|||||r|||| 00| 0
007 ta
008 220927b |||||||| |||| 00| 0 eng d
024 _a72231
037 _cTextual
040 _aSDCL
_cSDCL
_beng
041 _2eng
_aeng
082 _aV73y7M82, L9
100 _aDallek Robert
_9508537
245 0 _aFranklin D Roosevelt and American foreign policy,1932-1945.
260 _c1979
942 _hV73y7M82, L9
_cTEXL
_2CC
999 _c828287
_d828287